[Event "Managua Hurtado Memorial 22nd"]
[Site "Managua"]
[Date "2022.12.26"]
[Round "1"]
[White "Garcia, Angie"]
[Black "Olivares, Odell"]
[Result "1-0"]
[WhiteElo "1925"]
[BlackElo "1529"]
[PlyCount "49"]
[EventDate "2022.12.26"]
[EventType "swiss"]
[EventRounds "9"]
[EventCountry "NCA"]
[SourceTitle "CBM 212 Extra"]
[Source "ChessBase"]
[SourceDate "2023.03.31"]
[SourceVersion "1"]
[SourceVersionDate "2023.03.31"]
[SourceQuality "1"]

1. e4 e6 2. d4 d5 3. Nd2 Nf6 4. e5 Nfd7 5. Bd3 c5 6. c3 Nc6 7. Ngf3 a6 8. a4 cxd4 9. cxd4 Be7 10. 0-0 f6 11. Re1 fxe5 12. Nxe5 Nf6 13. Ndf3 0-0 14. Nxc6 bxc6 15. Ne5 Qc7 16. Bg5 c5 17. Rc1 c4 18. b3 Bb4 19. Re3 c3 20. Rh3 Ne4 21. Bxe4 dxe4 22. Qh5 g6 23. Nxg6 hxg6 24. Qh8+ Kf7 25. Qh7+ 1-0

[Event "American Continental (Women)"]
[Site "Cuenca"]
[Date "2022.12.09"]
[Round "8"]
[White "Garcia, Angie"]
[Black "Paredes Bustamante, Paula Elizabeth"]
[Result "0-1"]
[WhiteElo "1925"]
[BlackElo "2202"]
[PlyCount "88"]
[EventDate "2022.12.05"]
[EventType "swiss"]
[EventRounds "9"]
[EventCountry "ECU"]
[SourceTitle "CBM 211 Extra"]
[Source "ChessBase"]
[SourceDate "2023.01.31"]
[SourceVersion "1"]
[SourceVersionDate "2023.01.31"]
[SourceQuality "1"]

1. e4 c5 2. Nc3 e6 3. f4 a6 4. Nf3 b5 5. a3 Bb7 6. d3 Nc6 7. Be2 b4 8. axb4 cxb4 9. Na4 d6 10. Be3 Nf6 11. h3 e5 12. 0-0 Be7 13. fxe5 dxe5 14. Nb6 Rb8 15. Nc4 Nd7 16. Qe1 0-0 17. Qg3 f6 18. Nh4 Nc5 19. Bh6 Ne6 20. Nf5 Ncd4 21. Bf3 Bc5 22. Kh1 Qc7 23. Ra5 Ba7 24. Bd1 Kh8 25. Bd2 Bxe4 26. Nxd4 Bxd4 27. Rxa6 Nc5 28. Rd6 Bxb2 29. Qe1 Bg6 30. Bxb4 Bd4 31. Ba5 Qf7 32. Be2 Nb7 33. Ra6 Nxa5 34. Rxa5 Qc7 35. Bf3 Rbe8 36. Be4 f5 37. Bd5 e4 38. dxe4 fxe4 39. Rxf8+ Rxf8 40. c3 Bxc3 41. Qf2 Qd8 42. Qxf8+ Qxf8 43. Ra8 Qxa8 44. Bxa8 Bd4 0-1

[Event "American Continental (Women)"]
[Site "Cuenca"]
[Date "2022.12.07"]
[Round "4"]
[White "Garcia, Angie"]
[Black "Gomez Barrera, Javiera Belen"]
[Result "0-1"]
[WhiteElo "1925"]
[BlackElo "2140"]
[PlyCount "33"]
[EventDate "2022.12.05"]
[EventType "swiss"]
[EventRounds "9"]
[EventCountry "ECU"]
[SourceTitle "CBM 211 Extra"]
[Source "ChessBase"]
[SourceDate "2023.01.31"]
[SourceVersion "1"]
[SourceVersionDate "2023.01.31"]
[SourceQuality "1"]

1. e4 c5 2. Nc3 Nc6 3. f4 g6 4. Nf3 Bg7 5. Bb5 Nd4 6. 0-0 e6 7. e5 a6 8. Bd3 f5 9. Na4 d6 10. Re1 Nxf3+ 11. gxf3 dxe5 12. Kh1 c4 13. Bf1 b5 14. Nc5 Qd4 15. b4 Qxa1 16. c3 Qxa2 17. fxe5 0-1

[Event "Olympiad Women-44"]
[Site "Chennai"]
[Date "2022.08.07"]
[Round "9.2"]
[White "Urh, Zala"]
[Black "Garcia, Angie"]
[Result "1-0"]
[WhiteElo "2321"]
[BlackElo "1894"]
[PlyCount "49"]
[EventDate "2022.07.29"]
[EventType "team-swiss"]
[EventRounds "11"]
[EventCountry "IND"]
[SourceTitle "CBM 210"]
[Source "ChessBase"]
[SourceDate "2022.10.31"]
[SourceVersion "1"]
[SourceVersionDate "2022.10.31"]
[SourceQuality "1"]
[WhiteTeam "Slovenia (W)"]
[BlackTeam "El Salvador (W)"]
[WhiteTeamCountry "SLO"]
[BlackTeamCountry "ESA"]

1. d4 Nf6 2. c4 g6 3. Nc3 Bg7 4. e4 d6 5. Be2 0-0 6. Be3 Nbd7 7. Qc2 c5 8. d5 Ne5 9. h3 Qa5 10. f4 Nxe4 11. fxe5 Ng3 12. Rh2 Bxe5 13. Nf3 Nxe2 14. Kxe2 Bxh2 15. Nxh2 e5 16. Bh6 Re8 17. Ne4 Bf5 18. Nf6+ Kh8 19. Qd2 Qxd2+ 20. Kxd2 Re7 21. g4 Bc8 22. Nf1 b5 23. Ng3 Rb7 24. Rg1 bxc4 25. Ngh5 1-0

[Event "Olympiad Women-44"]
[Site "Chennai"]
[Date "2022.07.30"]
[Round "2.2"]
[White "Garcia, Angie"]
[Black "Trippold, Denise"]
[Result "0-1"]
[WhiteElo "1894"]
[BlackElo "2151"]
[PlyCount "94"]
[EventDate "2022.07.29"]
[EventType "team-swiss"]
[EventRounds "11"]
[EventCountry "IND"]
[SourceTitle "CBM 210"]
[Source "ChessBase"]
[SourceDate "2022.10.31"]
[SourceVersion "1"]
[SourceVersionDate "2022.10.31"]
[SourceQuality "1"]
[WhiteTeam "El Salvador (W)"]
[BlackTeam "Austria (W)"]
[WhiteTeamCountry "ESA"]
[BlackTeamCountry "AUT"]

1. e4 c5 2. Nf3 e6 3. d4 cxd4 4. Nxd4 Nc6 5. Nc3 Qc7 6. Be3 a6 7. Qd2 Nf6 8. 0-0-0 Be7 9. f3 b5 10. Kb1 Bb7 11. g4 Nxd4 12. Bxd4 0-0 13. Bxf6 Bxf6 14. Qxd7 Qc5 15. Qd6 Qf2 16. Qg3 Qc5 17. Qd6 Qf2 18. Qg3 Qxg3 19. hxg3 Bxc3 20. bxc3 Rac8 21. Kb2 f5 22. gxf5 exf5 23. Bd3 Rc5 24. Rh5 Rfc8 25. Rxf5 Rxf5 26. exf5 Bxf3 27. Re1 Kf7 28. Re6 Bb7 29. g4 Rc5 30. Rb6 Bc8 31. Kb3 h5 32. gxh5 Bxf5 33. h6 gxh6 34. Rxh6 Be6+ 35. Kb2 Ke7 36. Rh7+ Kd6 37. Ra7 Bc8 38. Kb3 Kc6 39. c4 Kb6 40. Re7 bxc4+ 41. Bxc4 Bf5 42. Re2 Rc6 43. Bd5 Rh6 44. c4 Rh3+ 45. Kb4 a5+ 46. Ka4 Bd7+ 47. Bc6 Bxc6# 0-1

[Event "American Continental 16th"]
[Site "San Salvador"]
[Date "2022.05.08"]
[Round "9"]
[White "Garcia, Angie"]
[Black "Munoz Sanchez, Miguel Angel"]
[Result "0-1"]
[WhiteElo "1902"]
[BlackElo "2226"]
[PlyCount "86"]
[EventDate "2022.05.02"]
[EventType "swiss"]
[EventRounds "11"]
[EventCountry "ESA"]
[SourceTitle "CBM 208 Extra"]
[Source "ChessBase"]
[SourceDate "2022.07.31"]
[SourceVersion "1"]
[SourceVersionDate "2022.07.31"]
[SourceQuality "1"]

1. e4 e6 2. d4 d5 3. Nd2 Nc6 4. Ngf3 Nf6 5. e5 Nd7 6. Bb5 f6 7. Bxc6 bxc6 8. c3 Ba6 9. Nb3 Be7 10. Na5 Nb8 11. Qb3 0-0 12. Bf4 c5 13. dxc5 Bxc5 14. Nb7 Qe7 15. exf6 gxf6 16. Bh6 Bb6 17. Bxf8 Qxf8 18. a4 Bc4 19. Qa3 a5 20. Qxf8+ Kxf8 21. b4 Nc6 22. Nd2 axb4 23. Nxc4 dxc4 24. cxb4 Nxb4 25. 0-0 Bd4 26. Rad1 Nd3 27. a5 Ke7 28. Rd2 f5 29. g3 Ra7 30. Rb1 Kd7 31. Ra2 c3 32. Kf1 c5 33. Rb5 Nb4 34. Ra1 Kc6 35. Rb6+ Kc7 36. Nd6 Rxa5 37. Rxa5 Kxb6 38. Nc4+ Kc6 39. Ke2 c2 40. Kd2 Bxf2 41. Ra3 Kd5 42. Nb6+ Kd4 43. Rc3 Be1+ 0-1

[Event "American Continental 16th"]
[Site "San Salvador"]
[Date "2022.05.07"]
[Round "8"]
[White "Hernandez, Rodolfo Anibal"]
[Black "Garcia, Angie"]
[Result "0-1"]
[WhiteElo "1625"]
[BlackElo "1902"]
[PlyCount "112"]
[EventDate "2022.05.02"]
[EventType "swiss"]
[EventRounds "11"]
[EventCountry "ESA"]
[SourceTitle "CBM 208 Extra"]
[Source "ChessBase"]
[SourceDate "2022.07.31"]
[SourceVersion "1"]
[SourceVersionDate "2022.07.31"]
[SourceQuality "1"]

1. e4 e6 2. d4 d5 3. Nd2 Nc6 4. Ngf3 Nf6 5. e5 Nd7 6. c3 f6 7. exf6 Qxf6 8. Bb5 Bd6 9. Qc2 0-0 10. 0-0 e5 11. Bxc6 bxc6 12. dxe5 Nxe5 13. Nxe5 Bxe5 14. Nf3 Bd6 15. Nd4 Bd7 16. Be3 Rae8 17. Qd2 Qg6 18. Kh1 Qh5 19. f4 Rf6 20. Rae1 Rh6 21. Bg1 Rf8 22. g3 Bg4 23. Re3 c5 24. Nf3 c4 25. Ne5 Bxe5 26. Qxd5+ Re6 27. Rxe5 Qxe5 28. fxe5 Rxf1 29. Kg2 Bf3+ 30. Qxf3 Rxf3 31. Kxf3 Rxe5 32. b4 a6 33. a4 c6 34. Bd4 Re6 35. Kf4 Re2 36. h4 g6 37. Be3 Rc2 38. Bd4 Rd2 39. Ke3 Rd3+ 40. Kf4 Kf7 41. Bh8 Ke6 42. Bg7 Kd5 43. g4 Rh3 44. Kg5 Ke6 45. h5 gxh5 46. gxh5 Rh1 47. h6 Ra1 48. a5 c5 49. Kf4 cxb4 50. cxb4 Rb1 51. Ke4 Rxb4 52. Kd4 Ra4 53. Kc5 Rxa5+ 54. Kxc4 Kf7 55. Kb4 Rg5 56. Bb2 Rb5+ 0-1

[Event "American Continental 16th"]
[Site "San Salvador"]
[Date "2022.05.03"]
[Round "2"]
[White "Garcia, Angie"]
[Black "Guevara Ruiz, Santiago Jose"]
[Result "1-0"]
[WhiteElo "1902"]
[BlackElo "1631"]
[PlyCount "77"]
[EventDate "2022.05.02"]
[EventType "swiss"]
[EventRounds "11"]
[EventCountry "ESA"]
[SourceTitle "EXT 2023"]
[Source "ChessBase"]
[SourceDate "2022.10.05"]
[SourceVersion "1"]
[SourceVersionDate "2022.10.05"]
[SourceQuality "1"]

1. e4 c5 2. Nc3 Nc6 3. Bb5 Nd4 4. Nf3 Nxb5 5. Nxb5 a6 6. Nc3 d6 7. d3 g6 8. 0-0 Bg7 9. Bd2 b5 10. a3 Nh6 11. h3 0-0 12. Qc1 Ng4 13. hxg4 Bxg4 14. Nh2 Bd7 15. Bh6 f5 16. Bxg7 Kxg7 17. e5 Bc6 18. Qf4 Kh8 19. d4 g5 20. Qe3 f4 21. Qd2 dxe5 22. d5 e6 23. Rfe1 exd5 24. Rxe5 d4 25. Rxc5 Qd6 26. b4 Qf6 27. Nd5 Bxd5 28. Rxd5 d3 29. Rd1 dxc2 30. Qxc2 Rac8 31. Qb1 Rc6 32. Ng4 Qc3 33. Rd7 Qc2 34. Qxc2 Rxc2 35. Ra7 h5 36. Rdd7 Re8 37. Rh7+ Kg8 38. Nf6+ Kf8 39. Raf7# 1-0

[Event "Central America Carribean-ch U20 Girls"]
[Site "Pereira"]
[Date "2021.09.24"]
[Round "5"]
[White "Moncada Correa, Sara"]
[Black "Garcia, Angie"]
[Result "1-0"]
[WhiteElo "1887"]
[BlackElo "1802"]
[PlyCount "117"]
[EventDate "2021.09.21"]
[EventType "swiss"]
[EventRounds "9"]
[EventCountry "COL"]
[SourceTitle "EXT 2023"]
[Source "ChessBase"]
[SourceDate "2022.10.05"]
[SourceVersion "1"]
[SourceVersionDate "2022.10.05"]
[SourceQuality "1"]

1. d4 Nf6 2. c4 e5 3. dxe5 Ng4 4. Bf4 g5 5. Bg3 Nc6 6. Nf3 Bg7 7. Qd5 Qe7 8. Nc3 Ngxe5 9. Nxe5 Nxe5 10. e3 d6 11. Qd2 c6 12. Be2 Be6 13. b3 0-0-0 14. Rc1 f5 15. Nd5 cxd5 16. cxd5+ Kb8 17. dxe6 Qxe6 18. 0-0 h5 19. Bxe5 dxe5 20. Qa5 Qe7 21. Rc4 g4 22. Rfc1 Rc8 23. Rxc8+ Rxc8 24. Rxc8+ Kxc8 25. Qxa7 Qb4 26. Qa8+ Kc7 27. Qg8 Bf8 28. Qf7+ Kb8 29. Qxf5 Bd6 30. Qxh5 Qe1+ 31. Bf1 Qd1 32. h3 Qb1 33. Qe8+ Kc7 34. Qf7+ Kb8 35. hxg4 Qe4 36. Qf5 Qd5 37. g5 Qg8 38. Bc4 Qh8 39. Qf6 Qf8 40. Qxf8+ Bxf8 41. g3 Kc7 42. f4 Kd6 43. e4 Be7 44. Kf2 b6 45. Kf3 Kd7 46. Kg4 Ke8 47. Kf5 Bd6 48. Ke6 Be7 49. Kxe5 Kf8 50. g4 Kg7 51. Ke6 Kf8 52. g6 Bc5 53. f5 Kg7 54. e5 Bd4 55. Bd3 Bc5 56. f6+ Kg8 57. g7 Bb4 58. Bh7+ Kxh7 59. Kf7 1-0

[Event "Central America Carribean-ch U20 Girls"]
[Site "Pereira"]
[Date "2021.09.23"]
[Round "4"]
[White "Garcia, Angie"]
[Black "Ruiz Jaraba, Valentina Sofia"]
[Result "1-0"]
[WhiteElo "1802"]
[BlackElo "1796"]
[PlyCount "67"]
[EventDate "2021.09.21"]
[EventType "swiss"]
[EventRounds "9"]
[EventCountry "COL"]
[SourceTitle "EXT 2023"]
[Source "ChessBase"]
[SourceDate "2022.10.05"]
[SourceVersion "1"]
[SourceVersionDate "2022.10.05"]
[SourceQuality "1"]

1. e4 c5 2. Nf3 d6 3. d4 cxd4 4. Qxd4 Nc6 5. Qe3 Nf6 6. h3 e6 7. Be2 d5 8. exd5 Nxd5 9. Qb3 Bd6 10. 0-0 0-0 11. Rd1 Qc7 12. Nc3 Nxc3 13. Qxc3 a6 14. Be3 Bb4 15. Qc4 b5 16. Qg4 e5 17. Qe4 Bb7 18. Ng5 g6 19. Qh4 f5 20. Ne6 Qf7 21. Nxf8 Rxf8 22. Bh6 Re8 23. c3 Bc5 24. a4 Be7 25. Bg5 Bxg5 26. Qxg5 b4 27. Rd6 bxc3 28. bxc3 e4 29. Rad1 Re7 30. Rf6 Qe8 31. Bc4+ Kg7 32. Rxf5 e3 33. Qf6+ Kh6 34. Rh5+ 1-0

[Event "Online Olym Div2 E"]
[Site "Chess.com INT"]
[Date "2021.09.04"]
[Round "7.2"]
[White "Miller, Rachel"]
[Black "Garcia, Angie"]
[Result "1-0"]
[WhiteElo "2004"]
[BlackElo "1802"]
[PlyCount "61"]
[EventDate "2021.09.02"]
[EventType "team (rapid)"]
[EventRounds "9"]
[EventCountry "USA"]
[SourceTitle "CBM 204 Extra"]
[Source "ChessBase"]
[SourceDate "2021.11.30"]
[SourceVersion "1"]
[SourceVersionDate "2021.11.30"]
[SourceQuality "1"]
[WhiteTeam "Jamaica"]
[BlackTeam "El Salvador"]
[WhiteTeamCountry "JAM"]
[BlackTeamCountry "ESA"]

1. e4 e6 2. d4 d5 3. exd5 exd5 4. Nf3 Bd6 5. c4 c6 6. Nc3 Ne7 7. Bd3 Bg4 8. 0-0 Nd7 9. c5 Bc7 10. Re1 0-0 11. Bxh7+ Kxh7 12. Ng5+ Kg8 13. Qxg4 Nf6 14. Qf3 Ng6 15. Bd2 Re8 16. b4 Qd7 17. g3 Nh7 18. Nxh7 Kxh7 19. Kg2 Rxe1 20. Rxe1 Re8 21. Rxe8 Qxe8 22. Qe2 Qd8 23. Nd1 Qf6 24. Qd3 Kg8 25. Ne3 Qe6 26. Qf5 Qe8 27. Ng4 Qe2 28. Be3 Kh7 29. Qh5+ Kg8 30. Nf6+ gxf6 31. Qxe2 1-0

[Event "FIDE World Uni Blitz-C 1st"]
[Site "Tornelo INT"]
[Date "2021.03.13"]
[Round "6.29"]
[White "Garcia, Angie"]
[Black "Fontaine, Quentin"]
[Result "0-1"]
[WhiteElo "1802"]
[BlackElo "2324"]
[PlyCount "42"]
[EventDate "2021.03.13"]
[EventType "swiss (blitz)"]
[EventRounds "10"]
[EventCountry "NET"]
[SourceTitle "EXT 2022"]
[Source "ChessBase"]
[SourceDate "2021.10.06"]
[SourceVersion "1"]
[SourceVersionDate "2021.10.06"]
[SourceQuality "1"]

1. e4 c5 2. Nf3 e6 3. d4 cxd4 4. Nxd4 Nc6 5. Nc3 Qc7 6. Be3 a6 7. Nxc6 bxc6 8. Bd3 d5 9. 0-0 Nf6 10. f4 Be7 11. e5 Nd7 12. Ne2 Nc5 13. Ng3 g6 14. Be2 0-0 15. Kh1 a5 16. c3 Ba6 17. Bxa6 Rxa6 18. Bd4 a4 19. f5 exf5 20. Nxf5 Ne6 21. Nh6+ Kg7 0-1

[Event "FIDE World Uni Blitz-C 1st"]
[Site "Tornelo INT"]
[Date "2021.03.13"]
[Round "2.24"]
[White "Garcia, Angie"]
[Black "Subhayan, Kundu"]
[Result "0-1"]
[WhiteElo "1802"]
[BlackElo "2305"]
[PlyCount "80"]
[EventDate "2021.03.13"]
[EventType "swiss (blitz)"]
[EventRounds "10"]
[EventCountry "NET"]
[SourceTitle "EXT 2022"]
[Source "ChessBase"]
[SourceDate "2021.10.06"]
[SourceVersion "1"]
[SourceVersionDate "2021.10.06"]
[SourceQuality "1"]

1. e4 e6 2. d4 d5 3. Nd2 Nc6 4. Ngf3 Nf6 5. e5 Nd7 6. Bd3 f6 7. exf6 Qxf6 8. c3 Bd6 9. 0-0 0-0 10. Re1 Kh8 11. Nf1 e5 12. dxe5 Ndxe5 13. Be2 Bg4 14. N1d2 Rae8 15. h3 Bh5 16. Rf1 Ng6 17. Nb3 Nh4 18. Qxd5 Rxe2 19. Qxh5 Nxf3+ 20. Qxf3 Qxf3 21. gxf3 Rxf3 22. Kg2 Rf6 23. Bd2 Rg6+ 24. Kf3 Ree6 25. Rae1 Ref6+ 26. Ke2 Kg8 27. Kd1 Rg2 28. Be3 Kf7 29. Nd4 Nxd4 30. Bxd4 Rh6 31. Re2 Rxh3 32. Re4 b6 33. c4 Rg6 34. Rfe1 Rgh6 35. R1e2 Rh1+ 36. Kc2 R1h4 37. a3 Rxe4 38. Rxe4 Rg6 39. b4 h5 40. c5 Be7 0-1

[Event "Caissa Guatemala Online"]
[Site "Chess.com INT"]
[Date "2021.01.23"]
[Round "2"]
[White "Jui, Marlow"]
[Black "Garcia, Angie"]
[Result "0-1"]
[WhiteElo "1750"]
[BlackElo "1802"]
[PlyCount "54"]
[EventDate "2021.01.23"]
[EventType "swiss (blitz)"]
[EventRounds "7"]
[EventCountry "GUA"]
[SourceTitle "CBM 200 Extra"]
[Source "ChessBase"]
[SourceDate "2021.03.31"]
[SourceVersion "1"]
[SourceVersionDate "2021.03.31"]
[SourceQuality "1"]

1. d4 Nf6 2. c4 e6 3. Bg5 Be7 4. Nc3 h6 5. Bh4 g5 6. Bg3 b6 7. e4 Bb7 8. Bd3 d6 9. Nf3 Nbd7 10. 0-0 c5 11. e5 dxe5 12. dxe5 Nh5 13. Be4 Qc7 14. Bxb7 Qxb7 15. Nb5 Nxg3 16. fxg3 0-0-0 17. Qb3 g4 18. Ne1 Nxe5 19. Rd1 Kb8 20. Nc2 h5 21. Qc3 f6 22. b3 h4 23. gxh4 Rxh4 24. Rxd8+ Bxd8 25. Qg3 Rh8 26. Ne3 Qa8 27. Nd6 Bc7 0-1

[Event "Pan American-ch U18 Girls"]
[Site "Guayaquil"]
[Date "2019.07.21"]
[Round "1"]
[White "Garcia, Angie"]
[Black "Puppi Lazo, Stephanie Beatriz"]
[Result "1-0"]
[WhiteElo "1660"]
[BlackElo "2012"]
[PlyCount "69"]
[EventDate "2019.07.21"]
[EventType "swiss"]
[EventRounds "9"]
[EventCountry "ECU"]
[SourceTitle "EXT 2020"]
[Source "ChessBase"]
[SourceDate "2019.10.17"]
[SourceVersion "1"]
[SourceVersionDate "2019.10.17"]
[SourceQuality "1"]

1. e4 c5 2. b3 g6 3. Bb2 Nf6 4. e5 Nd5 5. c4 Nc7 6. Nf3 Bg7 7. d4 cxd4 8. Qxd4 Nc6 9. Qd2 0-0 10. Be2 Ne6 11. 0-0 Qc7 12. Qe3 a6 13. Bc3 Rb8 14. a4 d6 15. exd6 Qxd6 16. Bxg7 Nxg7 17. Rd1 Qf6 18. Nc3 Nf5 19. Qd2 e5 20. Nd5 Qg7 21. b4 Nfd4 22. Ra3 Be6 23. Nxd4 Nxd4 24. Nc7 Rfd8 25. Kh1 Bf5 26. Bd3 Bxd3 27. Rxd3 Rdc8 28. Nd5 Rxc4 29. Qg5 Kh8 30. Nf6 Rbc8 31. Rh3 Ne6 32. Qxe5 Nf8 33. Re3 Rd8 34. Rde1 Rdc8 35. h3 1-0